00490nam a2200193 a 4500001001300000003000900013005001700022008004100039020002300080082001300103100002000116245002100136260003700157300000900194500003500203505001700238650002100255700002000276nice12345678IN_TiNIC20260116014826.0050524s1978 dela grp 000 0 eng  a0748675 c55200a616bULL aUllman, Manfred aIslamic Medicine aDelhibMittal Publication c1978 a138p aincludes index and biblioraphy2 aNotes, Index aArabian-Medicine1 aUllman, Manfred